Shahajahan the rise and fall of Mugal Emperor / (Record no. 104413)

MARC details
000 -LEADER
fixed length control field 00565nam a22001817a 4500
005 - DATE AND TIME OF LATEST TRANSACTION
control field 20161102154509.0
010 ## - LCCN (DPL NO)
LC control number ENG-116397
020 ## - INTERNATIONAL STANDARD BOOK NUMBER
International Standard Book Number 9789389395259
Terms of availability 425.00
035 ## - SYSTEM CONTROL NUMBER
System control number EN-99929
037 ## - SOURCE OF ACQUISITION
Source of stock number/acquisition DBAD/PUB
082 ## - DEWEY DECIMAL CLASSIFICATION NUMBER
Classification number 954.022
100 ## - MAIN ENTRY--PERSONAL NAME
Personal name Sharma,Anurag
245 ## - TITLE STATEMENT
Title Shahajahan the rise and fall of Mugal Emperor /
Statement of responsibility, etc by Anurag Sharma
260 ## - PUBLICATION, DISTRIBUTION, ETC. (IMPRINT)
Date of publication, distribution, etc 2015
Place of publication, distribution, etc Allahbad
Name of publisher, distributor, etc Sampark Prakashan
270 ## - ADDRESS
Address 5/7 Upendra Nath Ashk Marg (old Khusrobagh Road)
City Allahbad
Postal code 211001
300 ## - PHYSICAL DESCRIPTION
Dimensions 21cm(Hb)
Extent v,152p.
942 ## - ADDED ENTRY ELEMENTS (KOHA)
Item type English Books
Source of classification or shelving scheme Dewey Decimal Classification
Classification part 954.022
Call number suffix SHA
Holdings
Withdrawn status Lost status Not for loan Collection code Home library Current library Date acquired Source of acquisition Cost, normal purchase price Full call number Barcode Copy number Cost, replacement price Koha item type
    Not For Loan Non-fiction D.B.Act.Division Bawana 02/11/2016 DBAD/PUB 425.00 954.022 SHA EN-99929 1 425.00 English Books

© Delhi Public Library
Hit Counter
free hit counter